000 00351nam a2200133Ia 4500
008 151001s9999||||xx |||||||||||||| ||und||
100 _aद र कवठेकर
245 _aआपुलकीची झळ
250 _a1
260 _bललित साहित्य प्रकाशन
260 _c1962
300 _a236
365 _b7
999 _c953112
_d953109